=LDR 00000nam 2200000 4500 =001 INLIS000000000009760 =005 20130612101537 =008 ***********************************Ind** =035 ##$$0010-061300000009760 =041 ##$$a Ind =082 ##$$a 631.4 =090 ##$$a 631.4, Sut p =100 ##$$a Sutejo, Mul Mulyani =245 ##$$a Pengantar Ilmu Tanah, Terbentuknya Tanah dan Tanah Pertanian, Mul Mulyani Sutejo, A.G.Kartasapoetra =260 ##$$a 2002 $b Jakarta =300 ##$$a ix, 152 hlm, ilus, 21 cm =650 ##$$a Tanah, Ilmu =700 ##$$a Kartasapoetra, A.G, =850 ##$$a NBPNMAT =990 ##$$a 91538/BPAP-NTB/2014 =990 ##$$a 0001/BPAP-NTB/2015